000 00375nam a2200157Ia 4500
008 160316s1993 xxu||||| |||| 00| 0 eng d
082 _a345.050000
_bKEL-3
100 _aKelkar R V
245 _aCriminal procedure
250 _a3rd
260 _aLucknow
_bEastern Book Co.
_c1993
300 _a648
_b
_c
365 _b200/-
650 _a1. Criminal Procedure
700 _a
_a
999 _c8901
_d8901